The A to Z of practical building construction and its management

Tallennettuna:
Bibliografiset tiedot
Päätekijä: MANTRI, Sandeep
Aineistotyyppi: Kirja
Kieli:englanti
Julkaistu: Sodiya Prakashan 2013
Tagit: Lisää tagi
Ei tageja, Lisää ensimmäinen tagi!

MARC

LEADER 00000nam a22000007a 4500
008 210126b ||||| |||| 00| 0 eng d
020 |a  81-7684-205-2 
100 |a  MANTRI, Sandeep 
245 |a The A to Z of practical building construction and its management  |c Sandeep Mantri  |g 665p.; ill. 
250 |b 12th ed. 
260 |b Sodiya Prakashan  |c 2013  |h New Delhi  |i 679796   |l TA190 .M31  |m Engineering - Management 
500 |a “Includes index” 
942 |a lcc  |c BK  |e Ogunmilade F.T.  |f 26/1/2021 
952 |0 0  |1 0  |2 lcc  |4 0  |6 TA0190 M31  |7 0  |9 1879  |a HOL  |b HOL  |c QZ  |d 2021-01-26  |l 0  |o TA190 .M31  |p 2021-5746  |r 2021-01-26 00:00:00  |w 2021-01-26  |y BK 
999 |c 986  |d 986